Linear feedback control: analysis and design with Matlab
Saved in:
| Main Authors: | , , |
|---|---|
| Format: | Book |
| Language: | English |
| Published: |
Filadelfia
Siam
2007
|
| Series: | Advances in Design and Control, 14
|
| Subjects: | |
| Tags: |
Add Tag
No Tags, Be the first to tag this record!
|
MARC
| LEADER | 00000nam a2200000 a 4500 | ||
|---|---|---|---|
| 001 | UCI7427 | ||
| 003 | CL-VaPUC | ||
| 008 | 080703e20070000US |||||||||||||||||eng|d | ||
| 020 | |a 9780898716382 | ||
| 082 | 0 | 4 | |a 629.832 |b XUE |2 21 |
| 100 | 0 | |a Xue, Dingyü |e author |9 530687 | |
| 700 | 0 | |a Chen, Yangquan |e author |9 530688 | |
| 700 | 0 | |a Atherton, Derek P |e author |9 530689 | |
| 245 | 1 | 0 | |a Linear feedback control: analysis and design with Matlab |
| 300 | |a 354 p | ||
| 942 | |c BK | ||
| 945 | |d 20080703 00:00:00 |a rbrito | ||
| 260 | |a Filadelfia |b Siam |c 2007 | ||
| 650 | 0 | |a Control automático |9 259890 | |
| 650 | 0 | |a Sistemas de control |9 263596 | |
| 650 | 7 | |a MATLAB |2 CL-VaPUC |9 330763 | |
| 650 | 7 | |a CONTROLADORES |2 CL-VaPUC |9 463802 | |
| 583 | |a last modification |c 20080703 00:00:00 |k Rodrigo Vera | ||
| 490 | 0 | |a Advances in Design and Control, 14 | |
| 999 | |c 330721 |d 330719 | ||
| 952 | |0 0 |1 0 |4 0 |6 629_832000000000000_XUE_2007 |7 0 |8 A |9 416447 |a BIBING |b BIBING |d 2019-11-22 |i 4454588 |o 629.832 XUE 2007 |p 4454588 |r 2023-03-02 |w 2019-11-22 |y BK |k EIE | ||
| 952 | |0 0 |1 0 |4 0 |6 629_832000000000000_XUE_2007 |7 0 |8 A |9 416448 |a BIBING |b BIBING |d 2019-11-22 |i 4454596 |o 629.832 XUE 2007 |p 4454596 |r 2025-01-20 |w 2019-11-22 |y BK |k EIE | ||
| 952 | |0 0 |1 0 |4 0 |6 629_832000000000000_XUE_2007 |7 0 |8 A |9 416449 |a BIBING |b BIBING |d 2019-11-22 |i 445460K |o 629.832 XUE 2007 |p 445460K |r 2025-01-20 |w 2019-11-22 |y BK |k EIE | ||
| 952 | |0 0 |1 0 |4 0 |6 629_832000000000000_XUE_2007 |7 0 |8 A |9 416450 |a BIBING |b BIBING |d 2019-11-22 |i 4454618 |o 629.832 XUE 2007 |p 4454618 |r 2025-01-20 |w 2019-11-22 |y BK |k EIE | ||
| 952 | |0 0 |1 0 |4 0 |6 629_832000000000000_XUE_2007 |7 0 |8 A |9 416451 |a BIBING |b BIBING |d 2019-11-22 |i 4454626 |o 629.832 XUE 2007 |p 4454626 |r 2025-01-20 |w 2019-11-22 |y BK |k EIE | ||
| 952 | |0 0 |1 0 |4 0 |6 629_832000000000000_XUE_2007 |7 0 |8 A |9 416452 |a BIBING |b BIBING |d 2019-11-22 |i 4454634 |o 629.832 XUE 2007 |p 4454634 |r 2025-01-20 |w 2019-11-22 |y BK |k EIE | ||
| 952 | |0 0 |1 0 |4 0 |6 629_832000000000000_XUE_2007 |7 0 |8 A |9 416453 |a BIBING |b BIBING |d 2019-11-22 |i 4454642 |o 629.832 XUE 2007 |p 4454642 |r 2025-01-20 |w 2019-11-22 |y BK |k EIE | ||
| 952 | |0 0 |1 0 |4 0 |6 629_832000000000000_XUE_2007 |7 0 |8 A |9 416454 |a BIBING |b BIBING |d 2019-11-22 |i 4454650 |o 629.832 XUE 2007 |p 4454650 |r 2025-01-20 |w 2019-11-22 |y BK |k EIE | ||
| 952 | |0 0 |1 0 |4 0 |6 629_832000000000000_XUE_2007 |7 0 |8 A |9 416455 |a BIBING |b BIBING |d 2019-11-22 |i 4454669 |o 629.832 XUE 2007 |p 4454669 |r 2025-01-20 |w 2019-11-22 |y BK |k EIE | ||
| 952 | |0 0 |1 0 |4 0 |6 629_832000000000000_XUE_2007 |7 0 |8 A |9 416456 |a BIBING |b BIBING |d 2019-11-22 |i 4454677 |o 629.832 XUE 2007 |p 4454677 |r 2025-01-20 |w 2019-11-22 |y BK |k EIE | ||
| 952 | |0 0 |1 0 |4 0 |6 629_832000000000000_XUE_2007 |7 0 |8 A |9 416457 |a BIBING |b BIBING |d 2019-11-22 |i 4454685 |o 629.832 XUE 2007 |p 4454685 |r 2025-01-20 |w 2019-11-22 |y BK |k EIE | ||
| 952 | |0 0 |1 0 |4 0 |6 629_832000000000000_XUE_2007 |7 0 |8 A |9 416458 |a BIBING |b BIBING |d 2019-11-22 |i 4454693 |o 629.832 XUE 2007 |p 4454693 |r 2025-01-20 |w 2019-11-22 |y BK |k EIE | ||
| 952 | |0 0 |1 0 |4 0 |6 629_832000000000000_XUE_2007 |7 0 |8 A |9 416459 |a BIBING |b BIBING |d 2019-11-22 |i 4454707 |o 629.832 XUE 2007 |p 4454707 |r 2025-01-20 |w 2019-11-22 |y BK |k EIE | ||
| 952 | |0 0 |1 0 |4 0 |6 629_832000000000000_XUE_2007 |7 0 |8 A |9 416460 |a BIBING |b BIBING |d 2019-11-22 |i 4454715 |o 629.832 XUE 2007 |p 4454715 |r 2025-01-20 |w 2019-11-22 |y BK |k EIE | ||
| 952 | |0 0 |1 0 |4 0 |6 629_832000000000000_XUE_2007 |7 0 |8 A |9 416461 |a BIBING |b BIBING |d 2019-11-22 |i 4454723 |o 629.832 XUE 2007 |p 4454723 |r 2025-01-20 |w 2019-11-22 |y BK |k EIE | ||